000 01104nam a22003497a 4500
001 BR0003966
003 BR-BrBNA
005 20230928100746.0
007 ta
008 230509b bl.||||| |||| 00| 0 por d
040 _aBR-BrBNA
_bpor
_cBiblioteca Nacional de Agricultura
041 _a(Por)
072 _aF08; P36
090 _ F08 BR0003966
100 1 _aMedeiros, J. da C.
110 1 _aUniversidade Federal do Rio Grande do Sul, Porto Alegre (Brasil). Faculdade de Agronomia
_0Tese (Mestre em Agronomia)
245 1 _aSistemas de culturas adaptadas a produtividade, recuperacao e conservacao de solo
260 3 _aPorto Alegre, RS (Brasil):
_c1985.
300 _a89 p.
500 _aBibliography p. 68-77; 27 tables; Summaries (Eng, Por)
650 _aSistema de Cultivo
650 _aRecuperacao do Solo
650 _aConservacao do Solo
650 _aProdutividade
650 _aCultura de Inverno
650 _aCultura de Verao
650 _aRendimento
650 _aMateria Seca
650 _aRio Grande do Sul
909 _a202309
_bLucia
_c55
_dLucia Elande
942 _cBK
999 _c62669
_d62669